Villes américaines (US) ayant un nom de ville française - Statistiques

Statistiques générales
  • Ce quiz a été pris 33 fois
  • Le résultat moyen est 9 sur 29
Statistiques - réponses
État Département Ville % Correct
Vermont / ... Hérault Montpelier / Montpellier
83%
Texas / ... (75) Paris
83%
Californie Alpes-Maritimes Nice
63%
Kentucky / ... Yvelines Versailles
60%
Indiana / ... Loiret Orleans / Orléans
57%
New Jersey Pyrénées-Atlantiques Bayonne
53%
Missouri Oise Beauvais
53%
Illinois / ... Bouches-du-Rhône Marseilles / Marseille
53%
Illinois Var Toulon
50%
Missouri / ... Rhône Lyon
37%
Missouri Allier Vichy
37%
Californie Aude Narbonne
33%
Louisiane / ... Somme Abbeville
30%
Californie / ... Vaucluse Orange
27%
Oklahoma / ... Ardennes Sedan
27%
New York Nord Dunkirk / Dunkerque
23%
Géorgie Saône-et-Loire Macon / Mâcon
23%
Vermont / ... Pas-de-Calais Calais
20%
Louisiane * Loiret La Nouvelle-Orléans
20%
New York * Charente-Maritime La (Nouvelle) Rochelle
20%
New York / ... Manche Granville
17%
Montana * / ... Seine-Maritime (Le) Havre
17%
Floride * Puy-de-Dôme / ... Clermont (-Ferrand)
13%
Indiana Val-de-Marne Vincennes
13%
Caroline du Sud Pas-de-Calais Bethune / Béthune
10%
Wisconsin Belgique Bruxelles
7%
Wisconsin / (Québec) / ... Aude / Yonne / ... Montréal
7%
Pennsylvanie Belgique Charleroi
3%
Wisconsin Belgique Namur
3%
Aucun quiz correspondant
Distribution des résultats
% des personnes avec chaque résultat
Percentile par nombre de réponses
Votre historique - résultats
Vous n’avez pas pris ce quiz